000 00522nam a22002057a 4500
003 OSt
005 20150911140129.0
008 150911b xxu||||| |||| 00| 0 eng d
020 _a193086552x
040 _cDDC
082 _a340.1 CAT 2005
100 _aLevy, Robert A.
_95707
245 _aCATO Supreme court review
260 _aWashington DC;
_bCATO institute,
_c2005
300 _axi,290p;
_bill:
_c23cm
650 _aJustices
_95708
650 _aCourt
_95709
700 _aMoller, Markk
_95710
942 _2z
_cO_SHELF
999 _c2250
_d2250